A space of one’s own: spatial and identity liminality in an online community of mothers (Record no. 315972)
[ view plain ]
| 000 -LEADER | |
|---|---|
| fixed length control field | 00475nam a2200145Ia 4500 |
| 008 - FIXED-LENGTH DATA ELEMENTS--GENERAL INFORMATION | |
| fixed length control field | 170224s9999 xx 000 0 und d |
| 100 ## - MAIN ENTRY--PERSONAL NAME | |
| Personal name | Benedetta Cappellini |
| 245 #2 - TITLE STATEMENT | |
| Title | A space of one’s own: spatial and identity liminality in an online community of mothers |
| 245 ## - TITLE STATEMENT | |
| Statement of responsibility, etc | Benedetta Cappellini & Dorothy Ai-wan Yen |
| 260 ## - PUBLICATION, DISTRIBUTION, ETC. (IMPRINT) | |
| Name of publisher, distributor, etc | Journal of Marketing Research |
| 260 ## - PUBLICATION, DISTRIBUTION, ETC. (IMPRINT) | |
| Date of publication, distribution, etc | 2016 |
| 300 ## - PHYSICAL DESCRIPTION | |
| Extent | 32:13-14, Pages: 1260-1283 |
| 500 ## - GENERAL NOTE | |
| General note | October |
| 650 ## - SUBJECT ADDED ENTRY--TOPICAL TERM | |
| General subdivision | Marketing. |
| Withdrawn status | Lost status | Damaged status | Home library | Current library | Date acquired | Total Checkouts | Date last seen | Price effective from | Koha item type |
|---|---|---|---|---|---|---|---|---|---|
| College Library | College Library | 02/24/2017 | 02/24/2017 | 02/24/2017 | Periodicals |